000 01003nam a2200241Ia 4500
001 17002
003 GE_BSU
008 181216s||||||||xx |||||||||||||| ||und||
040 _cGE_BSU
080 _a613.164
100 _aჩესკინი, მიხეილი
245 _aუხილავი მტერი
245 _bხმაურის მავნე ზეგავლენა ადამიანის ორგანიზმზე
245 _cრედ.ც.უნდილაშვილი
260 _aთბილისი
260 _bსაბჭ. საქართველო
260 _c1970
300 _a226გვ. ; 15სმ
653 _aუხილავი მტერი
653 _aხმაურის გავლენა ადამიანის ორგანიზმზე
653 _aხმაურის მავნე ზეგავლენა ადამიანის ორგანიზმზე
942 _cBK
999 _c50064
_d50064